000
00295nam a22001337a 4500
008
170831b xxu||||| |||| 00| 0 eng d
020
_a
9780077368791
041
_a
eng
080
_2
3RD
_a
070
100
_a
40
101
_a
MED
245
_a
A WRITER'S RESOURCES
_c
MAIMON,E.P
942
_2
udc
_c
BK
999
_c
25851
_d
25851